Villalba Hervás, entre la capital y la villa / (Record no. 12666)

MARC details
000 -LEADER
campo de control de longitud fija 00690nam a2200229 i 4500
001 - NÚMERO DE CONTROL
campo de control 12666
003 - IDENTIFICADOR DE NÚMERO DE CONTROL
campo de control ES-MaACL
005 - FECHA Y HORA DE LA ÚLTIMA TRANSACCIÓN
campo de control 20251224063013.0
007 - CAMPO FIJO DE DESCRIPCIÓN FÍSICA--INFORMACIÓN GENERAL
campo de control de longitud fija t|
008 - DATOS DE LONGITUD FIJA--INFORMACIÓN GENERAL
campo de control de longitud fija 900629s1988 sp a |||| |bspa j
020 ## - NÚMERO INTERNACIONAL ESTÁNDAR DEL LIBRO
Número Internacional Estándar del Libro 84-85437-10-1
080 ## - NÚMERO DE LA CLASIFICACIÓN DECIMAL UNIVERSAL
Número de la Clasificación Decimal Universal 929 Villalba Hervás, Miguel
100 0# - ENTRADA PRINCIPAL--NOMBRE DE PERSONA
Nombre de persona Castillo León, Juan del
9 (RLIN) 36702
245 10 - MENCIÓN DEL TÍTULO
Título Villalba Hervás, entre la capital y la villa /
Mención de responsabilidad, etc. Juan del Castillo.
250 ## - MENCION DE EDICION
Mención de edición 1ª ed.
260 ## - PUBLICACIÓN, DISTRIBUCIÓN, ETC.
Lugar de publicación, distribución, etc. Santa Cruz de Tenerife :
Nombre del editor, distribuidor, etc. Goya,
Fecha de publicación, distribución, etc. 1988.
300 ## - DESCRIPCIÓN FÍSICA
Extensión 109 p. :
Otras características físicas il. ;
Dimensiones 24 cm.
504 ## - NOTA DE BIBLIOGRAFÍA, ETC.
Nota de bibliografía, etc. Bibliografía: p. [105]-109.
600 14 - PUNTO DE ACCESO ADICIONAL DE MATERIA--NOMBRE DE PERSONA
Nombre de persona Villalba Hervás, Miguel.
9 (RLIN) 133735
852 ## - LOCALIZACIÓN
Ubicación ES-MaACL
Número de control de estantería L-20047
Holdings
Estatus retirado Estado de pérdida Estado de daño No para préstamo Biblioteca de origen Biblioteca actual Ubicación en estantería Fecha de adquisición Fuente de adquisición Total de préstamos Signatura topográfica completa Código de barras Visto por última vez Precio de reemplazo Tipo de ítem Koha
        Biblioteca del Ateneo de Madrid Biblioteca del Ateneo de Madrid Depósito 2 17/01/2008     L-20047 1012903 23/02/2023 23/02/2023 Libro impreso